| 000 | 00762nam a22002417a 4500 | ||
|---|---|---|---|
| 999 |
_c5599 _d5599 |
||
| 003 | AR-CdUCM | ||
| 008 | 190312b ||||| |||| 00| 0 spa d | ||
| 040 |
_aMUNICIPALIDAD PROVINCIAL DEL CUSCO _cBIBLIOTECA MUNICIPAL DEL CUSCO |
||
| 082 |
_a150 / _bP59 |
||
| 100 |
_aPinillos, Jose Luis _916744 |
||
| 245 | _aLa Mente Humana / | ||
| 260 |
_aMadrid : _bSalvat Editores ; _c1969. |
||
| 300 |
_a178 páginas ; _c18cm |
||
| 440 |
_aColección Libros RTV _n41 _916745 |
||
| 505 | _aContenido: El origen de la mente -- La organización de la mente. | ||
| 650 |
_aMente _916746 |
||
| 650 |
_aCultura _9126 |
||
| 650 |
_aDesarrollo humano _93459 |
||
| 650 |
_aComportamiento _916747 |
||
| 700 |
_aAlianza Editorial _916748 |
||
| 942 |
_2ddc _cLIBROS |
||
| 945 | _anom | ||